000 00498nam a2200181Ia 4500
005 20250508152337.0
008 008 250505s9999 xx 000 0 eng d
037 _aTextual
040 _aFEDL
_beng
_cFEDL
041 _aeng
_2eng
084 _a572.954, MAJ
_qFEDL
100 _aMajumdar D N
245 0 _aRaces and cultures of India
260 _aBombay, India
_bAsia Publishing House
_c1958
300 _axx,465p
942 _cTEXL
_h572.954, MAJ
999 _c1335820
_d1335820